000 00318nam a2200097Ia 4500
008 220120s9999||||xx |||||||||||||| ||und||
100 _aBojamma, Sunisha, Supritha & Supritha
_912689
245 0 _aSmart calender using raspberry PI
260 _aCoorg Institute of Technology
_bPonnampet
_c2018
650 _aCIVIL ENGINEERING
999 _c138289
_d138289